| 000 | 004580000a22001690004500 | ||
|---|---|---|---|
| 003 | MACL | ||
| 005 | 20151229125347.0 | ||
| 008 | 151229b xxu||||| |||| 00| 0 eng d | ||
| 040 |
_aMACL _cMACL |
||
| 041 | _aEnglish | ||
| 082 | _a294/CHU | ||
| 100 |
_aChurn, Bimala _923753 |
||
| 245 | _aIndia as Described in Early Texts of Buddism and Jainism | ||
| 260 |
_bLuzac & Company Ltd _c1941 _aLondon |
||
| 650 |
_aHindu Religion _9350 |
||
| 942 |
_cBK _k294/CHU _2ddc |
||
| 999 |
_c34599 _d34599 |
||